[Event "Deutsche Ländermeisterschaft 2018"]
[Site "Würzburg GER"]
[Date "2018.10.04"]
[Round "3"]
[White "Walter, Kevin"]
[Black "Weller, Uli"]
[Result "1-0"]
[Termination "normal"]
[Board "6.2"]
[WhiteElo "2196"]
[BlackElo "2123"]
[WhiteClock "00:01:09"]
[BlackClock "00:00:32"]
[WhiteTeam "Württemberg 1"]
[BlackTeam "Bayern 2"]
[PlyCount "81"]
[WhiteFideId "12906654"]
[BlackFideId "12971782"]
[EventCountry "GER"]
[EventRounds "7"]
[EventType "team-swiss"]
[EventDate "2018.10.02"]

1. e4 {[%clk 1:30:56]} c5 {[%clk 1:30:53]} 2. Nf3 {[%clk 1:30:35]} Nc6 {[%clk
1:31:15]} 3. d4 {[%clk 1:30:16]} cxd4 {[%clk 1:31:35]} 4. Nxd4 {[%clk 1:30:37]}
g6 {[%clk 1:31:55]} 5. Nc3 {[%clk 1:29:48]} Bg7 {[%clk 1:32:14]} 6. Be3 {[%clk
1:29:41]} Nf6 {[%clk 1:32:28]} 7. Bc4 {[%clk 1:29:16]} O-O {[%clk 1:32:41]} 8.
Bb3 {[%clk 1:29:17]} Qa5 {[%clk 1:28:01]} 9. O-O {[%clk 1:29:17]} d6 {[%clk
1:27:17]} 10. h3 {[%clk 1:29:14]} Bd7 {[%clk 1:25:03]} 11. Re1 {[%clk 1:28:26]}
Rac8 {[%clk 1:18:31]} 12. Qe2 {[%clk 1:26:23]} a6 {[%clk 1:00:49]} 13. Rad1
{[%clk 1:19:27]} b5 {[%clk 0:46:43]} 14. Nd5 {[%clk 1:11:51]} Nxd5 {[%clk
0:44:13]} 15. Nxc6 {[%clk 1:11:12]} Rxc6 {[%clk 0:41:50]} 16. exd5 {[%clk
1:11:06]} Rc7 {[%clk 0:41:15]} 17. c3 {[%clk 1:06:33]} Rb7 {[%clk 0:32:27]} 18.
Bd4 {[%clk 0:56:37]} Re8 {[%clk 0:29:17]} 19. a3 {[%clk 0:52:06]} Qc7 {[%clk
0:27:23]} 20. h4 {[%clk 0:41:11]} h5 {[%clk 0:23:33]} 21. f3 {[%clk 0:35:33]}
Rbb8 {[%clk 0:15:35]} 22. Bxg7 {[%clk 0:23:41]} Kxg7 {[%clk 0:15:55]} 23. Rd4
{[%clk 0:23:04]} Qc5 {[%clk 0:12:32]} 24. Kh1 {[%clk 0:20:21]} a5 {[%clk
0:10:49]} 25. Qd2 {[%clk 0:14:11]} Qc7 {[%clk 0:05:07]} 26. Rde4 {[%clk
0:07:50]} Bf5 {[%clk 0:05:04]} 27. Qd4+ {[%clk 0:07:26]} Kh7 {[%clk 0:04:57]}
28. R4e3 {[%clk 0:04:28]} Qd7 {[%clk 0:05:03]} 29. Qf4 {[%clk 0:01:49]} e5
{[%clk 0:03:43]} 30. dxe6 {[%clk 0:02:11]} fxe6 {[%clk 0:03:53]} 31. Qg5 {[%clk
0:01:58]} e5 {[%clk 0:03:48]} 32. f4 {[%clk 0:01:59]} b4 {[%clk 0:01:37]} 33.
cxb4 {[%clk 0:01:39]} axb4 {[%clk 0:01:50]} 34. fxe5 {[%clk 0:01:29]} d5 {[%clk
0:01:31]} 35. e6 {[%clk 0:00:34]} Qd6 {[%clk 0:00:37]} 36. e7 {[%clk 0:00:37]}
bxa3 {[%clk 0:00:35]} 37. bxa3 {[%clk 0:00:56]} d4 {[%clk 0:00:35]} 38. Rf3
{[%clk 0:01:12]} d3 {[%clk 0:00:31]} 39. Rxf5 {[%clk 0:00:33]} gxf5 {[%clk
0:01:00]} 40. Re6 {[%clk 0:00:48]} Qxe6 {[%clk 0:00:32]} 41. Bxe6 {[%clk
0:01:09]} 1-0

[Event "Deutsche Ländermeisterschaft 2018"]
[Site "Würzburg GER"]
[Date "2018.10.04"]
[Round "3"]
[White "Bardorz, Jana"]
[Black "Leser, Katrin"]
[Result "0-1"]
[Termination "normal"]
[Board "6.5"]
[WhiteElo "1810"]
[BlackElo "2018"]
[WhiteClock "00:33:14"]
[BlackClock "00:20:43"]
[WhiteTeam "Bayern 2"]
[BlackTeam "Württemberg 1"]
[PlyCount "118"]
[WhiteFideId "16208897"]
[BlackFideId "12997692"]
[EventCountry "GER"]
[EventRounds "7"]
[EventType "team-swiss"]
[EventDate "2018.10.02"]

1. e4 {[%clk 1:30:56]} e6 {[%clk 1:30:54]} 2. d4 {[%clk 1:31:21]} d5 {[%clk
1:31:19]} 3. Nd2 {[%clk 1:31:47]} Nf6 {[%clk 1:31:39]} 4. e5 {[%clk 1:32:12]}
Nfd7 {[%clk 1:32:04]} 5. Bd3 {[%clk 1:32:34]} c5 {[%clk 1:32:29]} 6. c3 {[%clk
1:32:58]} Nc6 {[%clk 1:32:46]} 7. Ne2 {[%clk 1:33:00]} cxd4 {[%clk 1:33:09]} 8.
cxd4 {[%clk 1:33:24]} f6 {[%clk 1:33:32]} 9. exf6 {[%clk 1:33:48]} Nxf6 {[%clk
1:33:57]} 10. Nf3 {[%clk 1:33:54]} Bd6 {[%clk 1:34:10]} 11. O-O {[%clk
1:33:48]} Qc7 {[%clk 1:34:29]} 12. Bg5 {[%clk 1:34:13]} O-O {[%clk 1:34:47]}
13. Bh4 {[%clk 1:34:38]} Nh5 {[%clk 1:34:41]} 14. Qc2 {[%clk 1:34:31]} h6
{[%clk 1:34:18]} 15. Bh7+ {[%clk 1:34:25]} Kh8 {[%clk 1:34:39]} 16. Bg6 {[%clk
1:34:49]} Rxf3 {[%clk 1:11:09]} 17. Bxh5 {[%clk 1:29:42]} Rf8 {[%clk 1:05:26]}
18. Bg3 {[%clk 1:23:45]} e5 {[%clk 0:59:44]} 19. dxe5 {[%clk 1:18:02]} Bxe5
{[%clk 0:58:55]} 20. Qc5 {[%clk 1:10:18]} Be6 {[%clk 0:49:33]} 21. Nc3 {[%clk
1:03:38]} Bxg3 {[%clk 0:43:46]} 22. fxg3 {[%clk 1:00:32]} Rxf1+ {[%clk
0:27:12]} 23. Rxf1 {[%clk 0:59:49]} Qd7 {[%clk 0:22:59]} 24. Ne2 {[%clk
0:51:31]} Qe7 {[%clk 0:18:43]} 25. Qxe7 {[%clk 0:43:51]} Nxe7 {[%clk 0:19:08]}
26. Nd4 {[%clk 0:39:54]} Bg8 {[%clk 0:18:46]} 27. Bg4 {[%clk 0:37:03]} Nc6
{[%clk 0:17:42]} 28. Nxc6 {[%clk 0:32:50]} bxc6 {[%clk 0:18:08]} 29. Rc1 {[%clk
0:32:40]} Rd8 {[%clk 0:09:09]} 30. Rxc6 {[%clk 0:30:05]} d4 {[%clk 0:09:34]}
31. Kf2 {[%clk 0:27:30]} Bxa2 {[%clk 0:07:56]} 32. Rc8 {[%clk 0:27:00]} Rxc8
{[%clk 0:07:27]} 33. Bxc8 {[%clk 0:27:24]} Bb1 {[%clk 0:05:33]} 34. Ke2 {[%clk
0:24:03]} Kg8 {[%clk 0:04:47]} 35. Ba6 {[%clk 0:23:14]} Kf7 {[%clk 0:04:06]}
36. Bd3 {[%clk 0:23:04]} Ba2 {[%clk 0:04:32]} 37. Bb5 {[%clk 0:17:07]} Ke6
{[%clk 0:04:29]} 38. Kd3 {[%clk 0:15:17]} Ke5 {[%clk 0:03:58]} 39. Kd2 {[%clk
0:13:24]} Bd5 {[%clk 0:03:47]} 40. Bf1 {[%clk 0:12:14]} g5 {[%clk 0:03:19]} 41.
h4 {[%clk 0:10:41]} Be4 {[%clk 0:02:47]} 42. Bb5 {[%clk 0:07:14]} Bxg2 {[%clk
0:02:08]} 43. Ba6 {[%clk 0:06:26]} Bd5 {[%clk 0:29:23]} 44. Kd3 {[%clk
0:34:22]} Be4+ {[%clk 0:28:24]} 45. Kd2 {[%clk 0:33:59]} gxh4 {[%clk 0:19:07]}
46. gxh4 {[%clk 0:34:02]} Kf4 {[%clk 0:18:48]} 47. h5 {[%clk 0:30:55]} Bf3
{[%clk 0:18:09]} 48. Be2 {[%clk 0:30:23]} Bxe2 {[%clk 0:18:27]} 49. Kxe2 {[%clk
0:30:49]} Kg4 {[%clk 0:18:45]} 50. Kd3 {[%clk 0:31:06]} Kxh5 {[%clk 0:19:08]}
51. Kxd4 {[%clk 0:31:32]} Kg4 {[%clk 0:19:17]} 52. b4 {[%clk 0:31:05]} h5
{[%clk 0:19:33]} 53. Kc5 {[%clk 0:31:21]} h4 {[%clk 0:19:55]} 54. Kb5 {[%clk
0:31:44]} h3 {[%clk 0:20:13]} 55. Ka6 {[%clk 0:32:07]} h2 {[%clk 0:20:39]} 56.
Kxa7 {[%clk 0:32:27]} h1=Q {[%clk 0:21:02]} 57. b5 {[%clk 0:32:47]} Qd5 {[%clk
0:20:16]} 58. b6 {[%clk 0:32:52]} Qa5+ {[%clk 0:20:39]} 59. Kb7 {[%clk
0:33:14]} Kf5 {[%clk 0:20:43]} 0-1

[Event "Deutsche Ländermeisterschaft 2018"]
[Site "Würzburg GER"]
[Date "2018.10.04"]
[Round "3"]
[White "Sawlin, Leonid"]
[Black "Silber, Kevin"]
[Result "1-0"]
[Termination "normal"]
[Board "7.1"]
[WhiteTitle "FM"]
[WhiteElo "2355"]
[BlackElo "2205"]
[WhiteClock "01:10:41"]
[BlackClock "00:11:20"]
[WhiteTeam "Berlin"]
[BlackTeam "SG Bremen / Niedersachsen"]
[PlyCount "101"]
[WhiteFideId "4689542"]
[BlackFideId "12930440"]
[EventCountry "GER"]
[EventRounds "7"]
[EventType "team-swiss"]
[EventDate "2018.10.02"]

1. e4 {[%clk 1:30:59]} Nf6 {[%clk 1:31:24]} 2. e5 {[%clk 1:29:14]} Nd5 {[%clk
1:31:49]} 3. Nf3 {[%clk 1:29:41]} d6 {[%clk 1:31:08]} 4. Bc4 {[%clk 1:26:24]}
e6 {[%clk 1:30:35]} 5. d4 {[%clk 1:26:40]} Be7 {[%clk 1:28:24]} 6. O-O {[%clk
1:26:57]} O-O {[%clk 1:28:30]} 7. Qe2 {[%clk 1:26:39]} c5 {[%clk 1:21:52]} 8.
exd6 {[%clk 1:19:28]} Bxd6 {[%clk 1:19:59]} 9. dxc5 {[%clk 1:19:50]} Bxc5
{[%clk 1:19:23]} 10. Rd1 {[%clk 1:20:12]} Nc6 {[%clk 1:16:15]} 11. Bd3 {[%clk
1:19:44]} Qb6 {[%clk 1:10:34]} 12. c4 {[%clk 1:16:36]} Ndb4 {[%clk 1:02:49]}
13. Bxh7+ {[%clk 1:15:48]} Kxh7 {[%clk 1:03:04]} 14. a3 {[%clk 1:16:14]} Be7
{[%clk 0:52:00]} 15. axb4 {[%clk 1:16:03]} Nxb4 {[%clk 0:48:05]} 16. Nc3 {[%clk
1:14:13]} a6 {[%clk 0:45:30]} 17. Ng5+ {[%clk 1:12:25]} Kg8 {[%clk 0:42:06]}
18. Qe4 {[%clk 1:12:33]} Bxg5 {[%clk 0:39:16]} 19. Bxg5 {[%clk 1:13:02]} f6
{[%clk 0:34:42]} 20. Be3 {[%clk 1:13:19]} Qc6 {[%clk 0:35:04]} 21. Qg6 {[%clk
1:13:08]} e5 {[%clk 0:28:25]} 22. Nd5 {[%clk 1:05:37]} Nxd5 {[%clk 0:27:02]}
23. cxd5 {[%clk 1:06:03]} Qb5 {[%clk 0:24:02]} 24. h4 {[%clk 1:05:31]} Bd7
{[%clk 0:22:35]} 25. h5 {[%clk 1:05:07]} Be8 {[%clk 0:20:31]} 26. Qg4 {[%clk
1:05:11]} Qd7 {[%clk 0:18:45]} 27. Qh4 {[%clk 1:05:28]} Rc8 {[%clk 0:18:23]}
28. h6 {[%clk 1:03:24]} g5 {[%clk 0:15:28]} 29. Qb4 {[%clk 0:58:20]} Bh5 {[%clk
0:09:34]} 30. f3 {[%clk 0:58:29]} Rc2 {[%clk 0:07:24]} 31. Rac1 {[%clk
0:58:21]} Rfc8 {[%clk 0:06:17]} 32. Rxc2 {[%clk 0:58:27]} Rxc2 {[%clk 0:06:40]}
33. Qb3 {[%clk 0:57:54]} Bg6 {[%clk 0:06:30]} 34. Qb6 {[%clk 0:57:57]} Kf7
{[%clk 0:04:52]} 35. Rd2 {[%clk 0:52:24]} Rxd2 {[%clk 0:03:06]} 36. Bxd2 {[%clk
0:52:54]} Bf5 {[%clk 0:02:42]} 37. g4 {[%clk 0:49:26]} Bd3 {[%clk 0:01:26]} 38.
Qc5 {[%clk 0:49:14]} e4 {[%clk 0:01:05]} 39. Bb4 {[%clk 0:49:38]} Kg6 {[%clk
0:00:39]} 40. Kf2 {[%clk 0:48:01]} Kxh6 {[%clk 0:00:37]} 41. Qf8+ {[%clk
0:47:55]} Kg6 {[%clk 0:27:07]} 42. Be7 {[%clk 1:17:15]} Qxd5 {[%clk 0:22:39]}
43. Qxf6+ {[%clk 1:17:40]} Kh7 {[%clk 0:23:04]} 44. Bf8 {[%clk 1:17:59]} Qd7
{[%clk 0:21:48]} 45. Bc5 {[%clk 1:11:13]} Qg7 {[%clk 0:17:35]} 46. Qf5+ {[%clk
1:11:38]} Kg8 {[%clk 0:15:54]} 47. Ke3 {[%clk 1:09:14]} Qxb2 {[%clk 0:12:06]}
48. Qg6+ {[%clk 1:09:27]} Qg7 {[%clk 0:12:13]} 49. Qe8+ {[%clk 1:09:53]} Kh7
{[%clk 0:12:34]} 50. Bd4 {[%clk 1:10:19]} Qc7 {[%clk 0:11:20]} 51. Qh8+ {[%clk
1:10:41]} 1-0

[Event "Deutsche Ländermeisterschaft 2018"]
[Site "Würzburg GER"]
[Date "2018.10.04"]
[Round "3"]
[White "Steffens, Oliver"]
[Black "Greßmann, Moritz"]
[Result "1/2-1/2"]
[Termination "normal"]
[Board "7.2"]
[WhiteElo "1960"]
[BlackElo "2106"]
[WhiteClock "00:01:23"]
[BlackClock "00:04:14"]
[WhiteTeam "SG Bremen / Niedersachsen"]
[BlackTeam "Berlin"]
[PlyCount "162"]
[WhiteFideId "12947148"]
[BlackFideId "24695084"]
[EventCountry "GER"]
[EventRounds "7"]
[EventType "team-swiss"]
[EventDate "2018.10.02"]

1. e4 {[%clk 1:30:36]} g6 {[%clk 1:30:16]} 2. d4 {[%clk 1:30:50]} Bg7 {[%clk
1:30:30]} 3. Nc3 {[%clk 1:28:45]} d6 {[%clk 1:30:49]} 4. f4 {[%clk 1:27:48]} a6
{[%clk 1:30:45]} 5. a4 {[%clk 1:27:23]} b6 {[%clk 1:28:48]} 6. Nf3 {[%clk
1:25:43]} Bb7 {[%clk 1:28:48]} 7. Bc4 {[%clk 1:23:40]} Nd7 {[%clk 1:22:37]} 8.
O-O {[%clk 1:23:08]} c6 {[%clk 1:08:08]} 9. f5 {[%clk 1:06:55]} d5 {[%clk
1:02:10]} 10. exd5 {[%clk 0:59:00]} cxd5 {[%clk 1:01:57]} 11. fxg6 {[%clk
0:59:02]} hxg6 {[%clk 1:02:14]} 12. Nxd5 {[%clk 0:54:28]} e6 {[%clk 0:52:42]}
13. Qe2 {[%clk 0:51:58]} Rc8 {[%clk 0:46:50]} 14. Bg5 {[%clk 0:45:58]} Ndf6
{[%clk 0:46:25]} 15. Nxf6+ {[%clk 0:44:09]} Bxf6 {[%clk 0:34:17]} 16. Bxf6
{[%clk 0:40:17]} Nxf6 {[%clk 0:34:31]} 17. c3 {[%clk 0:40:21]} Bxf3 {[%clk
0:33:24]} 18. Rxf3 {[%clk 0:39:28]} Qc7 {[%clk 0:32:58]} 19. h3 {[%clk
0:26:01]} Qxc4 {[%clk 0:32:25]} 20. Qe5 {[%clk 0:25:32]} O-O {[%clk 0:26:07]}
21. Qxf6 {[%clk 0:25:18]} Qd5 {[%clk 0:25:01]} 22. Raf1 {[%clk 0:22:53]} Rc7
{[%clk 0:18:17]} 23. Rf4 {[%clk 0:21:27]} Qd8 {[%clk 0:18:03]} 24. Qe5 {[%clk
0:21:42]} Rd7 {[%clk 0:16:35]} 25. c4 {[%clk 0:12:15]} Qc7 {[%clk 0:15:08]} 26.
Qg5 {[%clk 0:12:21]} Qd8 {[%clk 0:14:28]} 27. Qe5 {[%clk 0:07:10]} Qc7 {[%clk
0:14:53]} 28. Qxc7 {[%clk 0:05:25]} Rxc7 {[%clk 0:15:21]} 29. b3 {[%clk
0:05:28]} Rd8 {[%clk 0:13:57]} 30. Kf2 {[%clk 0:04:04]} e5 {[%clk 0:13:57]} 31.
dxe5 {[%clk 0:02:16]} Rd2+ {[%clk 0:14:16]} 32. Kg3 {[%clk 0:02:26]} Re2 {[%clk
0:14:14]} 33. Rf6 {[%clk 0:02:25]} b5 {[%clk 0:12:10]} 34. axb5 {[%clk
0:01:34]} axb5 {[%clk 0:12:38]} 35. cxb5 {[%clk 0:01:44]} Rxe5 {[%clk 0:12:56]}
36. b6 {[%clk 0:01:19]} Rb7 {[%clk 0:13:25]} 37. R1f3 {[%clk 0:01:22]} Kg7
{[%clk 0:12:37]} 38. Rc6 {[%clk 0:01:21]} Re6 {[%clk 0:10:30]} 39. Rfc3 {[%clk
0:00:51]} Rxb6 {[%clk 0:10:22]} 40. Rxb6 Rxb6 {[%clk 0:10:51]} 41. Kf4 {[%clk
0:01:18]} Kf6 {[%clk 0:11:00]} 42. Ke4 {[%clk 0:00:57]} Ke6 {[%clk 0:11:01]}
43. Kd4 {[%clk 0:01:23]} Kd6 {[%clk 0:07:02]} 44. Kc4 {[%clk 0:30:08]} Rc6+
{[%clk 0:31:27]} 45. Kd4 {[%clk 0:27:02]} Ra6 {[%clk 0:27:09]} 46. Rf3 {[%clk
0:26:54]} Ra2 {[%clk 0:25:12]} 47. g4 {[%clk 0:27:00]} Rh2 {[%clk 0:24:02]} 48.
Rc3 {[%clk 0:26:54]} f5 {[%clk 0:21:59]} 49. gxf5 {[%clk 0:24:33]} gxf5 {[%clk
0:22:28]} 50. Rd3 {[%clk 0:24:41]} Rh1 {[%clk 0:21:58]} 51. b4 {[%clk 0:24:17]}
Rb1 {[%clk 0:22:13]} 52. Kc4+ {[%clk 0:22:56]} Kc6 {[%clk 0:13:29]} 53. Rd4
{[%clk 0:22:18]} Rc1+ {[%clk 0:11:18]} 54. Kd3 Re1 {[%clk 0:07:16]} 55. h4
{[%clk 0:22:11]} Re8 {[%clk 0:02:30]} 56. Kc4 {[%clk 0:21:14]} Re1 {[%clk
0:02:13]} 57. Rf4 {[%clk 0:18:12]} Rh1 58. Kd3 Rh3+ {[%clk 0:00:44]} 59. Ke2
{[%clk 0:14:56]} Kd5 {[%clk 0:00:46]} 60. Rxf5+ {[%clk 0:15:06]} Ke4 {[%clk
0:01:11]} 61. Rc5 {[%clk 0:15:24]} Rh2+ {[%clk 0:01:28]} 62. Kf1 {[%clk
0:14:57]} Kf3 {[%clk 0:00:40]} 63. Rc3+ {[%clk 0:13:37]} Kg4 {[%clk 0:01:00]}
64. Kg1 {[%clk 0:08:11]} Rb2 {[%clk 0:01:29]} 65. Rc4+ {[%clk 0:08:10]} Kg3
{[%clk 0:01:59]} 66. Kf1 {[%clk 0:08:16]} Kf3 {[%clk 0:02:22]} 67. Ke1 {[%clk
0:07:25]} Ke3 {[%clk 0:02:50]} 68. Rc3+ {[%clk 0:07:30]} Kd4 {[%clk 0:03:08]}
69. Rg3 {[%clk 0:07:55]} Rh2 {[%clk 0:02:15]} 70. Rg4+ {[%clk 0:06:12]} Ke3
{[%clk 0:02:42]} 71. Rg3+ {[%clk 0:01:57]} Kf4 {[%clk 0:02:59]} 72. Rb3 {[%clk
0:01:55]} Rxh4 {[%clk 0:03:06]} 73. Kd2 {[%clk 0:01:51]} Ke5 {[%clk 0:02:42]}
74. Kc2 {[%clk 0:00:53]} Kd5 {[%clk 0:01:50]} 75. Kb2 {[%clk 0:01:01]} Kc6
{[%clk 0:02:02]} 76. Ka3 {[%clk 0:01:17]} Kb5 {[%clk 0:02:27]} 77. Rg3 {[%clk
0:01:36]} Rh5 {[%clk 0:02:50]} 78. Kb3 {[%clk 0:01:27]} Rf5 {[%clk 0:03:17]}
79. Kc3 {[%clk 0:01:46]} Rh5 {[%clk 0:03:43]} 80. Kb3 {[%clk 0:00:54]} Rf5
{[%clk 0:04:06]} 81. Kc3 {[%clk 0:01:23]} Rh5 {[%clk 0:04:14]} 1/2-1/2

[Event "Deutsche Ländermeisterschaft 2018"]
[Site "Würzburg GER"]
[Date "2018.10.04"]
[Round "3"]
[White "Mönster, Madita"]
[Black "Hommel, Niclas"]
[Result "1-0"]
[Termination "normal"]
[Board "7.4"]
[WhiteElo "1857"]
[BlackElo "1915"]
[WhiteClock "00:05:05"]
[BlackClock "00:01:38"]
[WhiteTeam "SG Bremen / Niedersachsen"]
[BlackTeam "Berlin"]
[PlyCount "79"]
[WhiteFideId "12947156"]
[BlackFideId "12974927"]
[EventCountry "GER"]
[EventRounds "7"]
[EventType "team-swiss"]
[EventDate "2018.10.02"]

1. e4 {[%clk 1:30:57]} c5 {[%clk 1:30:50]} 2. Nf3 {[%clk 1:31:20]} e6 {[%clk
1:31:16]} 3. d4 {[%clk 1:31:37]} cxd4 {[%clk 1:31:41]} 4. Nxd4 {[%clk 1:31:59]}
a6 {[%clk 1:32:07]} 5. c4 {[%clk 1:32:06]} Nf6 {[%clk 1:32:26]} 6. Nc3 {[%clk
1:31:44]} Qc7 {[%clk 1:31:17]} 7. a3 {[%clk 1:30:20]} b6 {[%clk 1:26:23]} 8.
Be3 {[%clk 1:25:32]} Bb7 {[%clk 1:25:42]} 9. Bd3 {[%clk 1:21:51]} d6 {[%clk
1:23:31]} 10. f4 {[%clk 1:09:32]} Nbd7 {[%clk 1:13:09]} 11. Qf3 {[%clk
0:57:02]} Nc5 {[%clk 1:07:37]} 12. Bc2 {[%clk 0:56:15]} g6 {[%clk 0:47:18]} 13.
O-O {[%clk 0:53:47]} Bg7 {[%clk 0:43:40]} 14. Rac1 {[%clk 0:49:01]} O-O {[%clk
0:40:18]} 15. b4 {[%clk 0:44:36]} Ncd7 {[%clk 0:40:38]} 16. Bd3 {[%clk
0:44:26]} e5 {[%clk 0:36:22]} 17. Nd5 {[%clk 0:41:02]} Qd8 {[%clk 0:32:42]} 18.
Nb3 {[%clk 0:37:19]} Nxd5 {[%clk 0:23:49]} 19. cxd5 {[%clk 0:36:48]} exf4
{[%clk 0:23:12]} 20. Bxf4 {[%clk 0:31:57]} Ne5 {[%clk 0:23:37]} 21. Qe3 {[%clk
0:31:30]} Re8 {[%clk 0:19:19]} 22. Rc2 {[%clk 0:24:47]} Rc8 {[%clk 0:16:27]}
23. Rfc1 {[%clk 0:23:58]} Rxc2 {[%clk 0:15:26]} 24. Rxc2 {[%clk 0:24:21]} h5
{[%clk 0:13:15]} 25. Be2 {[%clk 0:21:58]} b5 {[%clk 0:09:33]} 26. Qc1 {[%clk
0:17:50]} Kh7 {[%clk 0:07:31]} 27. Rc7 {[%clk 0:16:32]} Re7 {[%clk 0:07:51]}
28. Rc2 {[%clk 0:15:35]} Qe8 {[%clk 0:05:48]} 29. Na5 {[%clk 0:11:16]} Qd7
{[%clk 0:04:42]} 30. Bg5 {[%clk 0:09:46]} f6 {[%clk 0:05:07]} 31. Bh4 {[%clk
0:08:04]} Nf7 {[%clk 0:03:42]} 32. Bf3 {[%clk 0:06:32]} g5 {[%clk 0:04:03]} 33.
Bf2 {[%clk 0:06:13]} g4 {[%clk 0:04:27]} 34. Be2 {[%clk 0:06:30]} Ng5 {[%clk
0:04:31]} 35. Bd3 {[%clk 0:06:38]} Bh6 {[%clk 0:02:53]} 36. Be3 {[%clk
0:05:58]} Kg7 {[%clk 0:02:36]} 37. Nc6 {[%clk 0:05:25]} Rf7 38. Nd4 {[%clk
0:04:52]} Qe8 {[%clk 0:01:19]} 39. Nf5+ {[%clk 0:05:05]} Kh7 {[%clk 0:01:38]}
40. Nxd6 1-0

[Event "Deutsche Ländermeisterschaft 2018"]
[Site "Würzburg GER"]
[Date "2018.10.04"]
[Round "3"]
[White "Wiesner, Paula"]
[Black "Block, Timo"]
[Result "1-0"]
[Termination "normal"]
[Board "7.5"]
[WhiteElo "1969"]
[BlackElo "1777"]
[WhiteTeam "Berlin"]
[BlackTeam "SG Bremen / Niedersachsen"]
[PlyCount "63"]
[WhiteFideId "24654019"]
[BlackFideId "16201116"]
[EventCountry "GER"]
[EventRounds "7"]
[EventType "team-swiss"]
[EventDate "2018.10.02"]

1. d4 d5 2. c4 e6 3. Nc3 Nf6 4. cxd5 exd5 5. Bg5 c6 6. Qc2 Bg4 7. e3 Nbd7 8.
Bd3 Bd6 9. f3 Bh5 10. Nge2 Bg6 11. e4 Be7 12. e5 Bxd3 13. Qxd3 Ng8 14. Be3 Nb6
15. b3 Rc8 16. O-O a6 17. Ng3 c5 18. dxc5 Bxc5 19. Bxc5 Rxc5 20. Nf5 Kf8 21.
Ne4 Rc6 22. Ned6 Qc7 23. Nd4 Rc3 24. Qf5 Nh6 25. Qf4 Qe7 26. Rac1 Rxc1 27. Rxc1
g5 28. Qf6 Qxf6 29. exf6 Ng8 30. Rc7 Nxf6 31. Rxf7+ Kg8 32. Ne6 1-0

[Event "Deutsche Ländermeisterschaft 2018"]
[Site "Würzburg GER"]
[Date "2018.10.04"]
[Round "3"]
[White "Abele, Anais"]
[Black "Fock, Amina"]
[Result "0-1"]
[Termination "normal"]
[Board "7.6"]
[WhiteElo "1679"]
[BlackElo "1816"]
[WhiteClock "00:27:37"]
[BlackClock "00:35:53"]
[WhiteTeam "SG Bremen / Niedersachsen"]
[BlackTeam "Berlin"]
[PlyCount "106"]
[WhiteFideId "16208927"]
[BlackFideId "12981982"]
[EventCountry "GER"]
[EventRounds "7"]
[EventType "team-swiss"]
[EventDate "2018.10.02"]

1. e4 {[%clk 1:30:57]} c5 {[%clk 1:30:56]} 2. Nf3 {[%clk 1:31:02]} d6 {[%clk
1:31:19]} 3. d4 {[%clk 1:30:26]} cxd4 {[%clk 1:31:41]} 4. Nxd4 {[%clk 1:29:53]}
Nf6 {[%clk 1:31:58]} 5. Nc3 {[%clk 1:29:17]} a6 {[%clk 1:32:19]} 6. Be3 {[%clk
1:28:20]} Ng4 {[%clk 1:29:30]} 7. Bc1 {[%clk 1:22:49]} Nf6 {[%clk 1:24:55]} 8.
Be2 {[%clk 1:18:35]} e5 {[%clk 1:25:17]} 9. Nb3 {[%clk 1:17:16]} Be7 {[%clk
1:25:29]} 10. Be3 {[%clk 1:15:18]} Be6 {[%clk 1:25:30]} 11. f3 {[%clk 1:13:04]}
h5 {[%clk 1:21:44]} 12. Qd2 {[%clk 1:09:03]} Nbd7 {[%clk 1:20:20]} 13. a4
{[%clk 1:03:56]} Rc8 {[%clk 1:15:49]} 14. a5 {[%clk 0:57:48]} Qc7 {[%clk
1:09:26]} 15. O-O {[%clk 0:50:52]} O-O {[%clk 1:00:48]} 16. Rfd1 {[%clk
0:44:53]} Rfd8 {[%clk 0:53:27]} 17. Bd3 {[%clk 0:37:44]} Nc5 {[%clk 0:39:03]}
18. Nxc5 {[%clk 0:33:46]} dxc5 {[%clk 0:39:15]} 19. Qf2 {[%clk 0:31:23]} Nd7
{[%clk 0:30:36]} 20. Nd5 {[%clk 0:24:54]} Bxd5 {[%clk 0:29:44]} 21. exd5 {[%clk
0:25:07]} c4 {[%clk 0:29:58]} 22. Be4 {[%clk 0:20:58]} Qd6 {[%clk 0:26:19]} 23.
c3 {[%clk 0:19:01]} Rf8 {[%clk 0:21:44]} 24. Bf5 {[%clk 0:17:14]} Rc7 {[%clk
0:18:19]} 25. Bxd7 {[%clk 0:15:18]} Rxd7 {[%clk 0:17:48]} 26. Bb6 {[%clk
0:14:27]} Rc8 {[%clk 0:15:27]} 27. Ra4 {[%clk 0:12:40]} Qc6 {[%clk 0:13:56]}
28. dxc6 {[%clk 0:09:49]} Rxd1+ {[%clk 0:14:20]} 29. Qf1 {[%clk 0:09:50]} Rxf1+
{[%clk 0:14:46]} 30. Kxf1 {[%clk 0:09:49]} Rxc6 {[%clk 0:15:12]} 31. Ra1 {[%clk
0:08:56]} Kf8 {[%clk 0:13:09]} 32. Ke2 {[%clk 0:07:22]} Rd6 {[%clk 0:11:35]}
33. Bc5 {[%clk 0:04:57]} Rd5 {[%clk 0:11:19]} 34. Bxe7+ {[%clk 0:04:41]} Kxe7
{[%clk 0:11:44]} 35. Ra4 {[%clk 0:04:46]} Rb5 {[%clk 0:10:12]} 36. Ra2 {[%clk
0:02:47]} Kd6 {[%clk 0:10:06]} 37. Ke3 {[%clk 0:02:29]} f5 {[%clk 0:08:30]} 38.
h3 {[%clk 0:01:53]} h4 {[%clk 0:08:24]} 39. Ra4 {[%clk 0:01:13]} Kd5 {[%clk
0:07:32]} 40. Ra2 {[%clk 0:01:35]} f4+ {[%clk 0:07:40]} 41. Kf2 {[%clk
0:30:24]} e4 {[%clk 0:37:58]} 42. fxe4+ {[%clk 0:30:23]} Kxe4 {[%clk 0:38:23]}
43. Ke2 {[%clk 0:30:12]} Rg5 {[%clk 0:38:20]} 44. Kf1 {[%clk 0:30:12]} Kd3
{[%clk 0:38:38]} 45. Ra4 {[%clk 0:30:15]} Rb5 {[%clk 0:38:04]} 46. Ra2 {[%clk
0:29:06]} Ke3 {[%clk 0:37:38]} 47. Kg1 {[%clk 0:28:29]} f3 {[%clk 0:37:24]} 48.
gxf3 {[%clk 0:28:45]} Kxf3 {[%clk 0:37:48]} 49. Ra4 {[%clk 0:28:35]} Rxb2
{[%clk 0:37:13]} 50. Rxc4 {[%clk 0:28:47]} g5 {[%clk 0:35:26]} 51. Rc5 {[%clk
0:28:23]} Rb5 {[%clk 0:35:43]} 52. Rc7 {[%clk 0:27:34]} Kg3 {[%clk 0:35:53]}
53. c4 {[%clk 0:27:37]} Rb1# 0-1